ՀՀ Գիտությունների ազգային ակադեմիայի հիմնարար գիտական գրադարան  =   Fundamental Scientific Library of NAS RA

На старой Смоленской дороге : (Record no. 455512)

MARC details
000 -LEADER
fixed length control field 00647nam a22001937a 4500
003 - CONTROL NUMBER IDENTIFIER
control field AM-YEHGA
040 ## - CATALOGING SOURCE
Original cataloging agency AM-YeHGA
090 ## - LOCALLY ASSIGNED LC-TYPE CALL NUMBER (OCLC); LOCAL CALL NUMBER (RLIN)
-- 458519
005 - DATE AND TIME OF LATEST TRANSACTION
control field 20250617160541.0
008 - FIXED-LENGTH DATA ELEMENTS--GENERAL INFORMATION
fixed length control field 210113b1961 ru ||||| |||| 00| 0 rus d
041 0# - LANGUAGE CODE
Language code of text/sound track or separate title rus
100 1# - MAIN ENTRY--PERSONAL NAME
Personal name Рыленков, Николай Иванович
245 10 - TITLE STATEMENT
Title На старой Смоленской дороге :
Remainder of title Ист. повесть /
Statement of responsibility, etc. Н. И. Рыленков
250 ## - EDITION STATEMENT
Edition statement [3-е изд.]
260 ## - PUBLICATION, DISTRIBUTION, ETC.
Place of publication, distribution, etc. Смоленск :
Name of publisher, distributor, etc. Кн. изд-во,
Date of publication, distribution, etc. 1961
300 ## - PHYSICAL DESCRIPTION
Extent 420 с.,
Other physical details [11] л. ил.
650 14 - SUBJECT ADDED ENTRY--TOPICAL TERM
Topical term or geographic name entry element Отечественная война, 1812 г. (х. л.)
942 ## - ADDED ENTRY ELEMENTS (KOHA)
Source of classification or shelving scheme Universal Decimal Classification
Koha item type Գրքեր / Books
Holdings
Withdrawn status Lost status Source of classification or shelving scheme Damaged status Not for loan Collection Home library Current library Date acquired Total checkouts Full call number Barcode Date last seen Price effective from Koha item type Public note
    Universal Decimal Classification     General Fundamental Scientific Library Fundamental Scientific Library 13/01/2021   PII/42003 FL0635835 13/01/2021 13/01/2021 Գրքեր / Books 30 Days Loan


ՀՀ ԳԱԱ հիմնարար գիտական գրադարան
ՀՀ,Երևան 0019
Մարշալ Բաղրամյան 24/6
հեռախոս:(374-10) 52-47-50
Հետադարձ կապ

All site content, except where otherwise noted, is licensed under a
Creative Commons License